| 000 | 00663nam a2200205 a 4500 | ||
|---|---|---|---|
| 999 |
_c3439 _d3439 |
||
| 001 | 3439 | ||
| 003 | BD-JhCC | ||
| 005 | 20171113194642.0 | ||
| 008 | 171011s1994 bg |||| |||| 000 0 ben d | ||
| 035 | _a(BD-JhCC) | ||
| 040 |
_aBD-JhCC _dBD-JhCC |
||
| 041 | _aben | ||
| 082 |
_a891.4409 _bAHA 1994 |
||
| 100 | _aআহমেদ, শফি | ||
| 245 |
_aদ্য লায়ন এ্যান্ড দ্য জুয়েল / _cশফি আহমেদ |
||
| 260 |
_aঢাকা: _bএকাডেমিক পাবলিশার্স, _c১৯৯৪ |
||
| 300 |
_a62 পৃ.; _c২২ সে.মি. |
||
| 650 | _aBengali literature | ||
| 942 |
_2ddc _cBK |
||